000 00790nam a2200205 a 4500
008 100519s2010 ||||||||||||||||| || u
020 _a9781853396984
050 _aTD 760 Gre
100 _aRedwood, Mark
245 1 0 _aGreywater use in the Middle-East: technical, social, economic and policy issues
_cedited by Stephen Mcllwaine and Mark Redwood
260 _aOttawa:
_bIDRC
_c2010
300 _axx, 178p.: ill.
350 _a0.00
500 _aIncludes index
650 _aWATER
650 _aSEWAGE IRRIGATION--MIDDLE EAST
650 _aWASTE WATERS--IRRIGATION--MIDDLE EAST
700 _aMcllwaine, Stephen
995 _D0.00
_FCBU-MAIN LIBRARY (Kitwe)
_H1
_I0.00
_M1
_UAVAILABLE
_WJul 20, 2010
_ZMain Library Open Access Collection
999 _c44953
_d44953